000 00293nam a22001217a 4500
008 170614b xxu||||| |||| 00| 0 eng d
041 _aeng
080 _a32
100 _a19
101 _aSHP
245 _aRELIGION NAD POLLITICAL CONFLICT IN LATIN AMERICA
_cLEVINE.D.H
942 _2udc
_cBK
999 _c17424
_d17424